<?xml version="1.0" encoding="UTF-8"?>
<record
    xmlns:xsi="http://www.w3.org/2001/XMLSchema-instance"
    xsi:schemaLocation="http://www.loc.gov/MARC21/slim http://www.loc.gov/standards/marcxml/schema/MARC21slim.xsd"
    xmlns="http://www.loc.gov/MARC21/slim">

  <leader>00428    a2200121   4500</leader>
  <controlfield tag="001">ART_47974</controlfield>
  <controlfield tag="005">20260410162006.0</controlfield>
  <controlfield tag="008">260409a                                 </controlfield>
  <datafield tag="245" ind1="1" ind2="0">
    <subfield code="a">Reflexiones en torno a la figura de los da&#xF1;os punitivos (art. 52 bis, L. 24240)</subfield>
  </datafield>
  <datafield tag="100" ind1="1" ind2=" ">
    <subfield code="a">Lamanna Gui&#xF1;az&#xFA;, Emiliano C.</subfield>
  </datafield>
  <datafield tag="700" ind1="1" ind2=" ">
    <subfield code="a">Fossaceca, Carlos Alberto (h)</subfield>
  </datafield>
  <datafield tag="773" ind1="0" ind2=" ">
    <subfield code="t">Temas de derecho civil</subfield>
    <subfield code="g">- A&#xF1;o 4, N&#xB0; 11 (nov. 2018)</subfield>
    <subfield code="w">REV34778</subfield>
  </datafield>
  <datafield tag="999" ind1=" " ind2=" ">
    <subfield code="c">31776</subfield>
    <subfield code="d">31776</subfield>
  </datafield>
</record>
